000 00612nam a2200193 i 4500
001 6617
003 ES-MaACL
005 20230906145022.0
007 t|
008 900118s1989 sp ||||1| spa d
080 _a061.43(467.1)"1989": 7 Brinkmann, E.
080 _a7 Brinkmann, Enrique
080 _a75(46)"1938/..." Brinkmann, E.
245 0 0 _aBrinkmann
_b: noviembre 1989 : [exposicion] Barcelona, Sala Gaspar, 1989.
260 _aBarcelona :
_bSala Gaspar,
_c1989.
300 _a[24] h. de lam. ;
_c23 cm.
600 1 4 _aBrinkmann, Enrique-
_vExposiciones.
_931759
852 _aES-MaACL
_jL-13766
_bR.117337
999 _c6617
_d6617